Textos eucarísticos primitivos (Record no. 170762)

MARC details
000 -LEADER
campo de control de longitud fija 00801nam a2200205 i 4500
001 - NÚMERO DE CONTROL
campo de control 170762
003 - IDENTIFICADOR DE NÚMERO DE CONTROL
campo de control ES-MaACL
005 - FECHA Y HORA DE LA ÚLTIMA TRANSACCIÓN
campo de control 20250808062741.0
008 - DATOS DE LONGITUD FIJA--INFORMACIÓN GENERAL
campo de control de longitud fija 090403s1952 sp |||| | spa d
245 00 - MENCIÓN DEL TÍTULO
Título Textos eucarísticos primitivos
Resto del título : edición bilingüe de los contenidos en la Sagrada Escritura y los Santos Padres.
Número de parte o sección de la obra I /
Mención de responsabilidad, etc. con introducciones y notas por Jesús Solano.
260 ## - PUBLICACIÓN, DISTRIBUCIÓN, ETC.
Lugar de publicación, distribución, etc. Madrid :
Nombre del editor, distribuidor, etc. [La Editorial Católica],
Fecha de publicación, distribución, etc. 1952.
300 ## - DESCRIPCIÓN FÍSICA
Extensión XXI, 751 p. ;
Dimensiones 20 cm.
490 1# - MENCIÓN DE SERIE
Mención de serie Biblioteca de autores cristianos ;
Designación de volumen o secuencia 88
505 8# - NOTA DE CONTENIDO CON FORMATO
Nota de contenido con formato Contiene : I. Hasta fines del siglo IV
546 ## - NOTA DE IDIOMA
Nota de lengua/lenguaje Textos en latín, griego y español.
700 0# - ENTRADA AGREGADA--NOMBRE PERSONAL
Nombre de persona Solano, Jesús.
9 (RLIN) 107079
830 00 - PUNTO DE ACCESO ADICIONAL DE SERIE-TÍTULO UNIFORME
Título uniforme Biblioteca de autores cristianos
Designación de volumen o secuencia 88
9 (RLIN) 178679
852 ## - LOCALIZACIÓN
Ubicación ES-MaACL
Número de control de estantería J-86
itemnumber R.46092
Holdings
Estatus retirado Estado de pérdida Estado de daño No para préstamo Biblioteca de origen Biblioteca actual Ubicación en estantería Fecha de adquisición Fuente de adquisición Total de préstamos Signatura topográfica completa Código de barras Visto por última vez Precio de reemplazo Tipo de ítem Koha
        Biblioteca del Ateneo de Madrid Biblioteca del Ateneo de Madrid Depósito 2 03/04/2009     J-86 1179213 23/02/2023 23/02/2023 Libro impreso